| 000 | 00575nam a22001937a 4500 | ||
|---|---|---|---|
| 999 |
_c7643 _d7643 |
||
| 001 | 14558 | ||
| 003 | BD-DhUAP | ||
| 005 | 20210127151608.0 | ||
| 008 | 200203s20042002ii ||||| |||| 00| 0 eng d | ||
| 040 |
_aBD-DhUAP _bEng _cBD-DhUAP _dBD-DhUAP |
||
| 082 |
_223 _a341.1 BIN |
||
| 100 | _aBindra, NS. | ||
| 245 |
_aThe interpretation of statutes and legislation / _cNS Bindra. |
||
| 250 | _a10th ed. | ||
| 260 |
_aIndia : _bAllahbad law agency, _cc2002 [Reprinted 2004]. |
||
| 300 |
_axxii, 360 pages ; _c22 cm. |
||
| 650 |
_aLaw _vInterpretation and construction. |
||
| 942 |
_2ddc _cBK |
||